Statistics for Dart Board: Name the Opposite Side!

Click here to take the quiz!

General Stats

  • This quiz has been taken 21 times
  • The average score is 8 of 10

Answer Stats

NumberOpposite Side% Correct
203
100%
718
87%
915
80%
119
80%
611
73%
1014
73%
416
73%
122
73%
175
73%
138
73%

Score Distribution

Percentile by Number Answered

Percent of People with Each Score

Your Score History

You have not taken this quiz